书目信息 |
| 题名: |
痕迹
|
|
| 作者: | 赵罡 编著 | |
| 分册: | ||
| 出版信息: | 南京 江苏美术出版社 2007.11 |
|
| 页数: | 92页 | |
| 开本: | 29cm | |
| 丛书名: | ||
| 单 册: | ||
| 中图分类: | J21 | |
| 科图分类: | ||
| 主题词: | 绘画--hui hua--技术 (美术)--高等学校--教材 | |
| 电子资源: | ||
| ISBN: | 978-7-5344-2437-3 | |
| 000 | 00919nam0 2200265 450 | |
| 001 | 012008207250 | |
| 005 | 20080509171519.60 | |
| 010 | @a978-7-5344-2437-3@dCNY30.00 | |
| 100 | @a20080509d2007 em y0chiy0120 ea | |
| 101 | 0 | @achi |
| 102 | @aCN@b320000 | |
| 105 | @aa a 000yy | |
| 106 | @ar | |
| 200 | 1 | @a痕迹@Ahen ji@e关于现代绘画与表现@f赵罡编著@Fzhao gang bian zhu |
| 210 | @a南京@c江苏美术出版社@d2007.11 | |
| 215 | @a92页@c图@d29cm | |
| 300 | @a高职高专艺术类专业实验教程 | |
| 320 | @a有书目 | |
| 330 | @a本书的编写突出课题的“实验性”、“探索性”、“新颖性”和“学术性”,体现高职院校艺术设计教学的新理念,方便广大学生和教师在学与教上的借鉴。 | |
| 517 | 1 | @a关于现代绘画与表现@Aguan yu xian dai hui hua yu biao xian |
| 606 | 0 | @a绘画@Ahui hua@x技术 (美术)@x高等学校@j教材 |
| 690 | @aJ21@v4 | |
| 701 | 0 | @a赵罡@Azhao gang@4编著 |
| 801 | 0 | @aCN@bQSSK@c20080509 |
| 905 | @b708211-13@dJ21@eZ302@f3 | |
| 痕迹:关于现代绘画与表现/赵罡编著.-南京:江苏美术出版社,2007.11 |
| 92页:图;29cm |
| 高职高专艺术类专业实验教程 |
| ISBN 978-7-5344-2437-3:CNY30.00 |
| 本书的编写突出课题的“实验性”、“探索性”、“新颖性”和“学术性”,体现高职院校艺术设计教学的新理念,方便广大学生和教师在学与教上的借鉴。 |
| ● |
| 相关链接 |
|
|
|
正题名:痕迹
索取号:J21/Z302
 
预约/预借
| 序号 | 登录号 | 条形码 | 馆藏地/架位号 | 状态 | 备注 |
| 1 | 708211 | 207082119 | 社科库309/309社科库 68排1列3层/ [索取号:J21/Z302] | 在馆 | |
| 2 | 708212 | 207082128 | 社科库309/309社科库 68排1列3层/ [索取号:J21/Z302] | 在馆 | |
| 3 | 708213 | 207082137 | 社科库309/309社科库 68排1列3层/ [索取号:J21/Z302] | 在馆 |